[Event "Swiss Queens Wed #6"]
[Site "FIDE Online Arena INT"]
[Date "2024.03.06"]
[Round "1"]
[White "Aliaga Fernandez, Ingrid Yadira"]
[Black "Kusakina, Uliana"]
[Result "1-0"]
[WhiteElo "2147"]
[BlackElo "1761"]
[PlyCount "89"]
[EventDate "2024.03.06"]
[EventType "swiss (blitz)"]
[EventRounds "11"]
[EventCountry "NET"]
[SourceTitle "CB11_2024"]
[SourceDate "2024.03.13"]
[SourceVersion "1"]
[SourceVersionDate "2024.03.13"]
[SourceQuality "1"]

1. e4 c5 2. Nf3 e6 3. g3 d5 4. e5 f6 5. Bg2 Nc6 6. Qe2 Qc7 7. exf6 gxf6 8. 0-0 Nge7 9. Nc3 Bd7 10. d4 a6 11. dxc5 Na7 12. Nd4 Kf7 13. b4 Nac6 14. Nxc6 bxc6 15. a3 Ng6 16. Bb2 Bg7 17. Na4 Qb7 18. Nb6 Rae8 19. Nxd7 Qxd7 20. Qxa6 e5 21. Rad1 e4 22. b5 Ne5 23. Bxe5 Rxe5 24. b6 Ree8 25. Qa5 Ra8 26. Qb4 Rhb8 27. a4 f5 28. Rfe1 Be5 29. Re2 Qb7 30. Bf1 Kf6 31. Re3 h5 32. Rb3 Qh7 33. f4 exf3 34. Rxf3 h4 35. Bd3 hxg3 36. Rxf5+ Qxf5 37. Bxf5 gxh2+ 38. Kh1 Kxf5 39. Rf1+ Ke6 40. Qg4+ Ke7 41. Qg5+ Ke6 42. Qf5+ Ke7 43. Qxe5+ Kd7 44. Qd6+ Ke8 45. Rf8# 1-0

[Event "Swiss Queens Wed #6"]
[Site "FIDE Online Arena INT"]
[Date "2024.03.06"]
[Round "4"]
[White "Kusakina, Uliana"]
[Black "Aditi, Arun"]
[Result "0-1"]
[WhiteElo "1761"]
[BlackElo "1602"]
[PlyCount "96"]
[EventDate "2024.03.06"]
[EventType "swiss (blitz)"]
[EventRounds "11"]
[EventCountry "NET"]
[SourceTitle "CB11_2024"]
[SourceDate "2024.03.13"]
[SourceVersion "1"]
[SourceVersionDate "2024.03.13"]
[SourceQuality "1"]

1. e4 e5 2. Nf3 Nc6 3. Bc4 Nf6 4. d3 Be7 5. c3 0-0 6. 0-0 d6 7. Nbd2 Na5 8. Bb5 a6 9. Ba4 b5 10. Bc2 c5 11. d4 cxd4 12. cxd4 Nc6 13. d5 Nb8 14. Bd3 Nbd7 15. b4 Nb6 16. a3 Bd7 17. Bb2 Na4 18. Qb3 Rc8 19. Rac1 Qb6 20. h3 Nh5 21. Rfe1 Nf4 22. Bf1 f5 23. exf5 Bxf5 24. Bxe5 dxe5 25. Nxe5 Rxc1 26. Rxc1 Qd6 27. Ndf3 Qxd5 28. Qxd5+ Nxd5 29. Rd1 Nac3 30. Rd4 Bf6 31. g4 Re8 32. gxf5 Bxe5 33. Nxe5 Rxe5 34. Kh2 Rxf5 35. Rd2 Ne4 36. Re2 Rxf2+ 37. Rxf2 Nxf2 38. Bg2 Ne3 39. Bb7 Nc4 40. Bxa6 Nxa3 41. Bb7 Nd3 42. Bd5+ Kf8 43. Be4 Nxb4 44. Bxh7 Nbc2 45. Kg3 b4 46. Kf3 b3 47. Ke2 b2 48. Kd2 b1Q 0-1

[Event "Swiss Queens Wed #6"]
[Site "FIDE Online Arena INT"]
[Date "2024.03.06"]
[Round "6"]
[White "Kusakina, Uliana"]
[Black "Lesbekova, Asel"]
[Result "1/2-1/2"]
[WhiteElo "1761"]
[BlackElo "1870"]
[PlyCount "108"]
[EventDate "2024.03.06"]
[EventType "swiss (blitz)"]
[EventRounds "11"]
[EventCountry "NET"]
[SourceTitle "CB11_2024"]
[SourceDate "2024.03.13"]
[SourceVersion "1"]
[SourceVersionDate "2024.03.13"]
[SourceQuality "1"]

1. e4 c5 2. Nf3 Nc6 3. d4 cxd4 4. Nxd4 e5 5. Nb5 d6 6. N1c3 a6 7. Na3 b5 8. Nd5 Nce7 9. c4 Nxd5 10. Qxd5 Be6 11. Qc6+ Bd7 12. Qd5 Nf6 13. Qd3 Bc6 14. f3 Be7 15. cxb5 axb5 16. Nxb5 0-0 17. Nc3 d5 18. exd5 Nxd5 19. Nxd5 Bxd5 20. Be2 Bb4+ 21. Bd2 Bxd2+ 22. Qxd2 Bxa2 23. Qxd8 Rfxd8 24. Kf2 Bb3 25. Ke3 Kf8 26. Rhc1 Rdc8 27. Rxa8 Rxa8 28. Rc3 Rb8 29. Rc5 f6 30. Rb5 Rxb5 31. Bxb5 Ke7 32. Kd2 Kd6 33. Kc3 Bd5 34. b4 h5 35. Bd3 g5 36. Be4 Be6 37. Bd3 Bd5 38. Bg6 h4 39. Be4 Be6 40. Bd3 f5 41. Bc4 Bc8 42. Bd3 g4 43. fxg4 e4 44. Be2 fxg4 45. Kd4 g3 46. hxg3 hxg3 47. Kxe4 Bb7+ 48. Kf4 Bxg2 49. Kxg3 Bc6 50. Kf4 Kc7 51. Ke5 Kb6 52. Kd4 Bb5 53. Bxb5 Kxb5 54. Kd5 Kxb4 1/2-1/2

[Event "Swiss Queens Wed #2"]
[Site "FIDE Online Arena INT"]
[Date "2024.02.07"]
[Round "9"]
[White "Bauyrzhan, Arnash"]
[Black "Kusakina, Uliana"]
[Result "1/2-1/2"]
[WhiteElo "2029"]
[BlackElo "1602"]
[PlyCount "113"]
[EventDate "2024.02.07"]
[EventType "swiss (blitz)"]
[EventRounds "11"]
[EventCountry "NET"]
[SourceTitle "CB07_2024"]
[SourceDate "2024.02.14"]
[SourceVersion "1"]
[SourceVersionDate "2024.02.14"]
[SourceQuality "1"]

1. e4 c5 2. Nf3 e6 3. d4 cxd4 4. Nxd4 Nf6 5. Nc3 Nc6 6. g3 Bb4 7. Bg2 d5 8. 0-0 Bxc3 9. bxc3 dxe4 10. Nxc6 Qxd1 11. Rxd1 bxc6 12. Bg5 0-0 13. Bxf6 gxf6 14. Bxe4 Bb7 15. Rd7 Rab8 16. Rb1 Ba8 17. Rxb8 Rxb8 18. Rxa7 Bb7 19. a4 f5 20. Bf3 e5 21. a5 e4 22. Be2 c5 23. Bc4 Bc6 24. Kf1 Rb1+ 25. Ke2 Rb2 26. Kd2 e3+ 27. fxe3 Be4 28. Bb3 c4 29. Bxc4 Rxc2+ 30. Kd1 Rxh2 31. Rxf7 Rh1+ 32. Kd2 Rh2+ 33. Kc1 Rc2+ 34. Kd1 Rxc3 35. Rc7+ Kh8 36. a6 Rxe3 37. a7 Ra3 38. Rc8+ Kg7 39. Rc7+ Kh6 40. Rf7 Rxg3 41. Rxf5 Ra3 42. Rf6+ Kg5 43. Rf7 h5 44. Re7 Bf3+ 45. Ke1 Kg4 46. Rg7+ Kh4 47. Kf2 Bc6 48. Be2 Ra2 49. Rh7 Rxe2+ 50. Kxe2 Kg4 51. Rc7 Bf3+ 52. Kf2 Bd5 53. Rg7+ Kh3 54. Rg5 h4 55. Rxd5 Kh2 56. Rh5 h3 57. a8Q 1/2-1/2

[Event "Swiss Queens Wed #2"]
[Site "FIDE Online Arena INT"]
[Date "2024.02.07"]
[Round "1"]
[White "Kusakina, Uliana"]
[Black "Arabidze, Meri"]
[Result "0-1"]
[WhiteElo "1602"]
[BlackElo "2461"]
[PlyCount "70"]
[EventDate "2024.02.07"]
[EventType "swiss (blitz)"]
[EventRounds "11"]
[EventCountry "NET"]
[SourceTitle "CB07_2024"]
[SourceDate "2024.02.14"]
[SourceVersion "1"]
[SourceVersionDate "2024.02.14"]
[SourceQuality "1"]

1. e4 c5 2. Nf3 e6 3. d4 cxd4 4. Nxd4 Nc6 5. c4 Nf6 6. Nc3 Bb4 7. Nxc6 bxc6 8. Bd3 e5 9. 0-0 0-0 10. a3 Bc5 11. Bc2 d6 12. Ne2 a5 13. Bd2 h6 14. Bc3 Be6 15. Bd3 a4 16. Bb4 Qb6 17. Bxc5 Qxc5 18. b3 axb3 19. Qxb3 Rfb8 20. Qc3 Ra7 21. Kh1 Rba8 22. Rfb1 Ng4 23. h3 Nxf2+ 24. Kh2 Rxa3 25. Rxa3 Rxa3 26. Rb3 Rxb3 27. Qxb3 Qe3 28. Qb8+ Kh7 29. Qxd6 Nxd3 30. Ng3 c5 31. Qf8 Qf4 32. Qd6 Nf2 33. Qc6 Bxc4 34. Qxc5 Qxg3+ 35. Kxg3 Nxe4+ 0-1

[Event "EU-ch U10 Girls"]
[Site "Bratislava"]
[Date "2019.08.03"]
[Round "2"]
[White "Bendik, Margarita"]
[Black "Kusakina, Uliana"]
[Result "0-1"]
[WhiteElo "1188"]
[BlackElo "1448"]
[PlyCount "52"]
[EventDate "2019.08.02"]
[EventType "swiss"]
[EventRounds "9"]
[EventCountry "SVK"]
[SourceTitle "EXT 2020"]
[Source "ChessBase"]
[SourceDate "2019.10.17"]
[SourceVersion "1"]
[SourceVersionDate "2019.10.17"]
[SourceQuality "1"]

1. e4 e5 2. Nf3 Nc6 3. Bb5 g6 4. Bxc6 dxc6 5. 0-0 Bg7 6. d3 Be6 7. Ng5 Qd7 8. Be3 h6 9. Nxe6 Qxe6 10. Nd2 Ne7 11. Nb3 b6 12. Qe2 c5 13. a4 0-0 14. Nd2 g5 15. Nb1 Ng6 16. g3 Qh3 17. Nc3 c6 18. a5 Nf4 19. gxf4 exf4 20. Bd2 f3 21. Qxf3 Qxf3 22. a6 f5 23. Rfe1 f4 24. Ne2 g4 25. Kf1 g3 26. Ra5 Qxf2# 0-1

[Event "Match/Nation FRA-RUS U12 Girls"]
[Site "Brest"]
[Date "2018.06.03"]
[Round "6.2"]
[White "Kusakina, Uliana"]
[Black "Cornileau, Juliette"]
[Result "1/2-1/2"]
[WhiteElo "1389"]
[BlackElo "1644"]
[PlyCount "33"]
[EventDate "2018.06.02"]
[EventType "match (blitz)"]
[EventRounds "8"]
[EventCountry "FRA"]
[SourceTitle "EXT 2019"]
[Source "ChessBase"]
[SourceDate "2018.10.10"]
[SourceVersion "1"]
[SourceVersionDate "2018.10.10"]
[SourceQuality "1"]

1. e4 c5 2. Nf3 Nc6 3. d4 cxd4 4. Nxd4 e5 5. Nb3 Nf6 6. Nc3 Bb4 7. Bd3 0-0 8. 0-0 h6 9. Be3 Bxc3 10. bxc3 d5 11. exd5 Nxd5 12. Qd2 Nxe3 13. Qxe3 Qf6 14. f4 Qe6 15. fxe5 Qxe5 16. Qf3 Qg5 17. Qe4 1/2-1/2

[Event "Match/Nation FRA-RUS U12 Girls"]
[Site "Brest"]
[Date "2018.06.03"]
[Round "1.2"]
[White "Kusakina, Uliana"]
[Black "Schippke, Manon"]
[Result "0-1"]
[WhiteElo "1389"]
[BlackElo "1732"]
[PlyCount "45"]
[EventDate "2018.06.02"]
[EventType "match (blitz)"]
[EventRounds "8"]
[EventCountry "FRA"]
[SourceTitle "EXT 2019"]
[Source "ChessBase"]
[SourceDate "2018.10.10"]
[SourceVersion "1"]
[SourceVersionDate "2018.10.10"]
[SourceQuality "1"]

1. e4 c5 2. Nf3 d6 3. d4 cxd4 4. Nxd4 Nf6 5. Nc3 Nc6 6. Be3 e6 7. Be2 Be7 8. 0-0 0-0 9. Kh1 a6 10. a3 Qc7 11. f4 b5 12. f5 e5 13. Nxc6 Qxc6 14. Bd3 Bb7 15. Qf3 Rac8 16. Rae1 Rfd8 17. Bd2 Qc7 18. Qg3 Kh8 19. Re3 h6 20. Re2 Kh7 21. Qh3 d5 22. exd5 Bxd5 23. Nxd5 0-1

[Event "EU-ch U08 Girls 27th"]
[Site "Mamaia"]
[Date "2017.09.09"]
[Round "5"]
[White "Kusakina, Uliana"]
[Black "Zubkovskaya, Ekaterina"]
[Result "0-1"]
[WhiteElo "1157"]
[BlackElo "1399"]
[PlyCount "76"]
[EventDate "2017.09.05"]
[EventType "swiss"]
[EventRounds "9"]
[EventCountry "ROU"]
[SourceTitle "CBM 180 Extra"]
[Source "ChessBase"]
[SourceDate "2017.10.06"]
[SourceVersion "1"]
[SourceVersionDate "2017.10.06"]
[SourceQuality "1"]

1. e4 e5 2. Nf3 Nc6 3. Bc4 Nf6 4. Ng5 d5 5. exd5 Na5 6. d3 h6 7. Nf3 e4 8. Qe2 Nxc4 9. dxc4 Bc5 10. Nfd2 0-0 11. Nb3 Bd6 12. Be3 Bg4 13. Qf1 c6 14. h3 Bd7 15. dxc6 Bxc6 16. a3 Be5 17. c3 Qc7 18. N1d2 a6 19. 0-0-0 b5 20. cxb5 Bxb5 21. Qe1 Bd3 22. Nc5 Bb5 23. Ndxe4 Nxe4 24. Nxe4 Rab8 25. Rd2 Qc4 26. Nd6 Bxd6 27. Rxd6 Qa2 28. Rd4 Bc4 29. b4 Qxa3+ 30. Kc2 Qb3+ 31. Kc1 a5 32. Rxc4 Qxc4 33. Bd4 axb4 34. Qe5 f6 35. Qc5 Qa2 36. Rd1 bxc3 37. Qd5+ Qxd5 38. Bxc3 Qa2 0-1